000
00244nam a22001097a 4500
082
_a
823
_b
UNK/F
100
_a
UNKNOWN
245
_a
FIVE LITTLE RABBITS
260
_a
BRIGHTON
_b
LITOR PUBLICATIONS
650
_a
ENGLISH STORY
_z
BRIGHTON
942
_c
BK
999
_c
7529
_d
7529